000 00409nam a2200169Ia 4500
005 20250508163354.0
008 008 250505s9999 xx 000 0 eng d
037 _aTextual
040 _aFEDL
_beng
_cFEDL
041 _aeng
_2eng
084 _aB, LIN
_qFEDL
245 0 _aHerndon's life of lincoln
260 _c1965
300 _a495p.
942 _cTEXL
_hB, LIN
999 _c1382631
_d1382631